Statistics for Starts with L, ends with T

Click here to take the quiz!

General Stats

  • This quiz has been taken 23 times
  • The average score is 9 of 15

Answer Stats

QuestionAnswer% Correct
An elevatorLift
100%
The forty days preceding EasterLent
95%
The minimal amountLeast
86%
A police rank in the US, but not the UKLieutenant
82%
Gauche in French, Links in GermanLeft
77%
A covered pendant, encasing a small photographLocket
77%
InventoryList
68%
The thing with the smaller massLightest
55%
Medical publicationLancet
45%
Tropical flavour soft drink, made by Coca-ColaLilt
45%
Like a barnacleLimpet
45%
A party in a legal actionLitigant
45%
Used under Elastoplast or a bandage, to pad the injuryLint
36%
A baby hareLeveret
23%
Mr Barraclough was this, in BBC TVs PorridgeLenient
0%

Score Distribution

Percentile by Number Answered

Percent of People with Each Score

Your Score History

You have not taken this quiz